The Koran: translated from the Arabic / (Record no. 20766)
[ view plain ]
| 000 -LEADER | |
|---|---|
| fixed length control field | 00896nam a2200241u 4500 |
| 001 - CONTROL NUMBER | |
| control field | 6788959 |
| 003 - CONTROL NUMBER IDENTIFIER | |
| control field | BDDh-ASL |
| 005 - DATE AND TIME OF LATEST TRANSACTION | |
| control field | 20231015025931.0 |
| 008 - FIXED-LENGTH DATA ELEMENTS--GENERAL INFORMATION | |
| fixed length control field | 821105s1963 enk 000 0 eng |
| 010 ## - LIBRARY OF CONGRESS CONTROL NUMBER | |
| LC control number | 02004354 |
| 040 ## - CATALOGING SOURCE | |
| Original cataloging agency | DLC |
| Transcribing agency | CarP |
| Modifying agency | DLC |
| -- | BDDh-ASL |
| 050 00 - LIBRARY OF CONGRESS CALL NUMBER | |
| Classification number | BP109 |
| Item number | .R6 1861 |
| 082 ## - DEWEY DECIMAL CLASSIFICATION NUMBER | |
| Classification number | 297.12 |
| Item number | QUK |
| 130 ## - MAIN ENTRY--UNIFORM TITLE | |
| Uniform title | Koran. English. [from old catalog] |
| 245 04 - TITLE STATEMENT | |
| Title | The Koran: translated from the Arabic / |
| Remainder of title | the suras arranged in chronological order; with notes and index. |
| 260 ## - PUBLICATION, DISTRIBUTION, ETC. | |
| Place of publication, distribution, etc. | London [etc.] |
| Name of publisher, distributor, etc. | Williams and Norgate, |
| Date of publication, distribution, etc. | 1963. |
| 300 ## - PHYSICAL DESCRIPTION | |
| Extent | xxvi, [2], 659 p. |
| Dimensions | 19 cm. |
| 650 #0 - SUBJECT ADDED ENTRY--TOPICAL TERM | |
| 9 (RLIN) | 1652 |
| Topical term or geographic name entry element | Islam |
| 650 #0 - SUBJECT ADDED ENTRY--TOPICAL TERM | |
| Topical term or geographic name entry element | Religion, ধর্ম, Dharma, faith, creed, law, worship, property, আস্তিকতা, দীন |
| 9 (RLIN) | 2606 |
| 700 1# - ADDED ENTRY--PERSONAL NAME | |
| Personal name | Rodwell, John Medows, |
| Dates associated with a name | 1808-1900, [from old catalog] |
| Relator term | tr. |
| 906 ## - LOCAL DATA ELEMENT F, LDF (RLIN) | |
| a | 0 |
| b | cbc |
| c | premunv |
| d | u |
| e | ncip |
| f | 19 |
| g | y-gencatlg |
| 942 ## - ADDED ENTRY ELEMENTS (KOHA) | |
| Source of classification or shelving scheme | Dewey Decimal Classification |
| Koha item type | Books |
| Withdrawn status | Lost status | Source of classification or shelving scheme | Damaged status | Not for loan | Collection code | Home library | Current library | Shelving location | Date acquired | Source of acquisition | Total Checkouts | Full call number | Barcode | Date last seen | Copy number | Price effective from | Koha item type |
|---|---|---|---|---|---|---|---|---|---|---|---|---|---|---|---|---|---|
| Dewey Decimal Classification | Non-fiction | Asiatic Society Library | Asiatic Society Library | General Stacks | 01/13/2021 | ASB Collection | 297.12 QUK | 104248 | 01/13/2021 | C-1 | 01/13/2021 | Books |